| 000 | 00926nam a2200289 a 4500 | ||
|---|---|---|---|
| 008 | |||
| 020 | _a0750615753 | ||
| 049 | _aMAIN | ||
| 090 | _aHD70.E86 | ||
| 100 | 1 | _aBrown, Richard. | |
| 245 | 1 | 0 |
_aManaging in the single market / _cRichard Brown. |
| 246 | _aManaging in the single European market. | ||
| 260 |
_aOxford : _bButterworth-Heinemann in association with the Institute of Management, _c1993. |
||
| 300 |
_axii, 184 p. : _bill. ; _c24 cm. |
||
| 504 | _aIncludes bibliographical references: p. 176-180. | ||
| 500 | _aIncludes index. | ||
| 651 | 0 |
_aEurope _xEconomic integration. |
|
| 651 | 0 |
_aEurope _xEconomic policy. |
|
| 650 | 0 |
_aManagement _zEurope. |
|
| 650 | 0 | _aEurope 1992. | |
| 710 | 2 | _aInstitute of Management. | |
| 907 |
_a.b10037512 _b15-07-03 _c17-04-03 |
||
| 003 | |||
| 005 | 20230123133337.0 | ||
| 040 | _cNUST | ||
| 942 |
_cBOOKS _kHD70.E86 |
||
| 999 |
_c146969 _d146969 |
||